Most Popular Baby Girls Names in Germany - Statistics

General Stats
  • This quiz has been taken 38,621 times
    23,238 since last reset
  • The average score is 32 of 124
Answer Stats
Years Name % Correct
1910, 1920, 1980, 1990, 2000, 2010, 2020 Anna
76%
1910, 1950 Maria
67%
2010, 2020 Luisa
60%
2000, 2010, 2020 Emma
59%
1910, 1920, 1930 Elisabeth
56%
2000, 2010, 2020 Hannah
55%
1990, 2000, 2010 Sarah
55%
1990, 2000 Lisa
52%
1910, 2000, 2010, 2020 Marie
51%
2000, 2010, 2020 Sophia
51%
1980, 1990, 2000 Julia
50%
2000, 2010, 2020 Lena
50%
2000, 2010, 2020 Lina
50%
1930 Eva
46%
1990, 2000, 2010 Laura
46%
2000, 2010, 2020 Emily
43%
1960 Angela
42%
1910, 1920 Charlotte
42%
2000, 2010 Sophie
41%
1970, 1980, 1990 Christina
40%
2010, 2020 Mia
40%
1980, 1990, 2000 Katharina
38%
2000, 2010, 2020 Lea
37%
1910 Luise
36%
1970, 1980, 1990 Stefanie
36%
1910, 2020 Ella
35%
1940, 1950, 1960 Karin
35%
1990 Jennifer
34%
1910, 2000, 2010 Johanna
34%
1950, 1960 Barbara
32%
2020 Clara
32%
1980, 1990 Jessica
32%
2010 Lilly
32%
1950 Marion
32%
1930, 1940, 1950 Helga
31%
1910, 1920 Gertrud
30%
1980, 1990 Nina
30%
1970, 1980, 1990 Sandra
30%
1960 Christine
29%
2020 Emilia
29%
2000, 2010 Lara
29%
1970, 1980 Nicole
29%
1960, 1970, 1980 Susanne
29%
1960, 1970 Andrea
28%
1910 Anni
28%
1940, 1950, 1960 Monika
28%
1910, 1920 Martha
27%
1960, 1970 Petra
27%
1920, 1930, 1940, 1950 Ursula
27%
1970, 1980 Claudia
26%
1910, 2020 Frieda
26%
1990 Jana
26%
1920, 1930, 1940 Erika
25%
1970, 1980 Katrin
25%
1930 Ruth
25%
1930, 1940, 1950 Ingrid
24%
2000 Michelle
24%
1960, 1970 Sabine
24%
1910, 1920 Käthe
23%
1970 Tanja
23%
1960, 1970 Martina
22%
2010 Amelie
21%
1940, 1950, 1960 Brigitte
21%
1980 Daniela
21%
2000, 2010 Leonie
21%
1990 Vanessa
21%
1970, 1980 Anja
20%
1990 Franziska
20%
1930, 1940 Inge
20%
1980, 1990 Melanie
20%
2020 Mila
20%
1990, 2000 Annika
19%
1950, 1960, 1970 Birgit
19%
1950, 1960 Gabriele
19%
1910, 1920, 1930 Hildegard
19%
1970, 1980 Kerstin
19%
2020 Lia
19%
2020 Mathilda
19%
2020 Ida
18%
1970, 1980 Katja
18%
2000 Alina
17%
1950, 1960 Angelika
17%
2000 Antonia
17%
1910, 1920 Margarete
17%
1950 Marianne
17%
1980, 1990 Sabrina
17%
1920, 1930 Edith
16%
1930, 1940, 1950 Gisela
16%
1980, 1990 Nadine
16%
1920, 1930 Anneliese
15%
1960 Bettina
15%
1970 Britta
15%
1910 Elli
15%
1920, 1930 Gerda
15%
1940, 1950 Hannelore
15%
1960, 1970 Heike
15%
2010 Maja
15%
1940, 1950 Renate
15%
1940, 1960 Ute
15%
1940, 1950 Elke
14%
1920, 1930 Ilse
14%
1980 Yvonne
14%
1930, 1940, 1950 Christa
13%
2020 Leni
13%
1940, 1950 Bärbel
12%
1910 Else
12%
1920, 1930, 1940 Ingeborg
12%
1940, 1950 Jutta
12%
1920, 1930 Lieselotte
12%
1960 Marina
12%
1970 Silke
12%
1930, 1940 Waltraud
12%
1910, 1920 Erna
11%
1910 Irma
11%
1970 Manuela
11%
1960 Silvia
11%
1960 Cornelia
10%
1920, 1930 Irmgard
10%
1990 Janina
10%
2000 Melina
10%
1940 Christel
9%
1920, 1930 Elfriede
9%
1910, 1920 Hertha
9%
1940 Rosemarie
7%
No matching quizzes found
Score Distribution
Percent of People with Each Score
Percentile by Number Answered
Your Score History
You have not taken this quiz since the last reset